| 000 -ლიდერი |
| ფიქსირებული სიგრძის საკონტროლო ველი |
01512nam a22002417a 4500 |
| 003 - საკონტროლო ნომრის იდენტიფიკატორი |
| საკონტროლო ველი |
Ge_BSU |
| 005 - ბოლო ოპერაციის თარიღი და დრო |
| საკონტროლო ველი |
20230724171605.0 |
| 008 - ფიქსირებული სიგრძის მონაცემთა ელემენტები - ზოგადი ინფორმაცია |
| ფიქსირებული სიგრძის საკონტროლო ველი |
230724s2019ge xxu||||| |||| 00| 0 geo d |
| 020 ## - წიგნის საერთაშორისო სტანდარტული ნომერი |
| International Standard Book Number |
9789941462887 |
| 041 ## - ენის კოდი |
| Language code of text/sound track or separate title |
geo |
| 080 ## - უნივერსალური ათობითი კლასიფიკაციის ინდექსი |
| Universal Decimal Classification number |
634.8+663.8 ვ-18 |
| 100 ## - მთავარი ჩანაწერი - პიროვნების სახელი |
| Personal name |
ვანიძე, მაია, ავტორი. |
| 9 (RLIN) |
19515 |
| 245 ## - ცნობა სათაურის შესახებ |
| Title |
ღვინისა და თაფლის ანალიზის საერთაშორისო მეთოდები / |
| Statement of responsibility, etc |
მაია ვანიძე, ალეკო კალანდია, ინდირა ჯაფარიძე ; რედაქტორი: არმაზ შალაშვილი. |
| 264 ## - წარმოების, გამოცემის, დისტრიბუციის და სხვა ცნობები |
| გამოცემის, წარმოების, დისტრიბუციის... ადგილი |
ბათუმი : |
| გამოცემის, წარმოების, დისტრიბუციის... სახელწოდება |
ბათუმის შოთა რუსთაველის სახელმწიფო უნივერსიტეტი, |
| გამოცემის, წარმოების, დისტრიბუციის... თარიღი |
2019. |
| 300 ## - ფიზიკური აღწერა |
| Extent |
72 გვ.: |
| Other physical details |
19 სმ. |
| 653 ## - INDEX TERM--UNCONTROLLED |
| Uncontrolled term |
ღვინისა და თაფლის ანალიზის საერთაშორისო მეთოდები |
| 653 ## - INDEX TERM--UNCONTROLLED |
| Uncontrolled term |
სოფლის მეურნეობა |
| 700 ## - ADDED ENTRY--PERSONAL NAME |
| Personal name |
ვანიძე, მაია [და სხვ] |
| 9 (RLIN) |
19516 |
| 700 ## - ADDED ENTRY--PERSONAL NAME |
| Personal name |
შალაშვილი, არმაზ |
| Relator term |
რედაქტორი |
| 9 (RLIN) |
19514 |
| 773 ## - HOST ITEM ENTRY |
| Title |
ნაჩუქარი |
| 856 ## - ELECTRONIC LOCATION AND ACCESS |
| Uniform Resource Identifier |
https://dspace.nplg.gov.ge/bitstream/1234/327562/5/GhvinisaDaTaflisAnalizisSaertashorisoMetodebi.pdf |
| Link text |
ელექტრონული ვერსია |
| 942 ## - ADDED ENTRY ELEMENTS (KOHA) |
| Source of classification or shelving scheme |
|
| Koha item type |
წიგნი |